Les principes de la mesure et de l'évaluation des apprentissages (Record no. 51947)

MARC details
000 -LEADER
fixed length control field 00576nam a22001817a 4500
008 - FIXED-LENGTH DATA ELEMENTS--GENERAL INFORMATION
fixed length control field 130719t xxu||||| |||| 00| 0 eng d
020 ## - INTERNATIONAL STANDARD BOOK NUMBER
International Standard Book Number 2-89105-342-7
040 ## - CATALOGING SOURCE
Original cataloging agency BUAC
Transcribing agency CDIRSP
041 ## - LANGUAGE CODE
Language code of text/sound track or separate title Fr
100 ## - MAIN ENTRY--PERSONAL NAME
Personal name Toussignant R, Morissette D
9 (RLIN) 25551
245 ## - TITLE STATEMENT
Title Les principes de la mesure et de l'évaluation des apprentissages
250 ## - EDITION STATEMENT
Edition statement 2 è Ed.
Remainder of edition statement Revue et augmentée
260 ## - PUBLICATION, DISTRIBUTION, ETC. (IMPRINT)
Place of publication, distribution, etc Québec :
Name of publisher, distributor, etc gaetan morin éditeur,
Date of publication, distribution, etc 1990
300 ## - PHYSICAL DESCRIPTION
Extent 237 p.
500 ## - GENERAL NOTE
General note Compr.Bibliogr. et Index
653 ## - INDEX TERM--UNCONTROLLED
Uncontrolled term Evaluation, apprentissages
-- Principes, mesures
942 ## - ADDED ENTRY ELEMENTS (KOHA)
Item type Livre
Holdings
Withdrawn status Lost status Damaged status Not for loan Location (home branch) Sublocation or collection (holding branch) Date acquired Source of acquisition Koha issues (times borrowed) Koha full call number Piece designation (barcode) Koha date last seen Copy number Price effective from Koha item type Public note
        Centre de Documentation et d'Information de l'Institut Regional Santé Publique Centre de Documentation et d'Information de l'Institut Regional Santé Publique 19/07/2013 Photocopie   0439 0439CDIRSP 19/07/2013 1 19/07/2013 Livre Exclu du prêt


© 2008, Bibliothèques de l'Université d'Abomey-Calavi

04 BP 789 Cotonou, Tél. : +229 21 36 01 01, Fax : +229 21 35 06 32

Courriel : bu@bu.uac.bj